[Event "Titled Tue 1st Jul Late"]
[Site "chess.com INT"]
[Date "2025.07.01"]
[Round "6"]
[White "Gimeno Martos, Roberto"]
[Black "Pribelszky, Bence"]
[Result "0-1"]
[WhiteTitle "CM"]
[BlackTitle "IM"]
[WhiteElo "2090"]
[BlackElo "2396"]
[WhiteFideId "2226804"]
[BlackFideId "769738"]
[EventDate "2025.07.01"]

1. d4 Nf6 2. Nf3 g6 3. Nc3 Bg7 4. e4 d6 5. Be3 O-O 6. h3 Nbd7 7. Qd2 e5 8. dxe5
Nxe5 9. Nxe5 dxe5 10. O-O-O Qe7 11. Bh6 Be6 12. Bxg7 Kxg7 13. Qe3 Rfd8 14. Be2
a6 15. Rxd8 Rxd8 16. Rd1 Rxd1+ 17. Bxd1 Nd7 18. Be2 Nb8 19. Qa7 Qg5+ 20. Kb1 Nc6
21. Qxb7 Nd4 22. Qxa6 Qxg2 23. Qd3 Qxf2 24. Bd1 c5 25. b3 c4 26. bxc4 Nc6 27.
Nd5 f5 28. Qe3 Qf1 29. Qe2 Qxh3 30. c3 fxe4 31. Bc2 Qh1+ 32. Kb2 Bf5 33. Ne3 Qg1
34. c5 Na5 35. Nd5 Qxc5 36. Nb4 Nc4+ 37. Ka1 Qg1+ 38. Bb1 Qc5 0-1

[Event "Titled Tue 1st Jul Late"]
[Site "chess.com INT"]
[Date "2025.07.01"]
[Round "6"]
[White "Sharankov, Grigory"]
[Black "Al Busaidi, Hamood"]
[Result "1-0"]
[WhiteTitle "CM"]
[BlackTitle "CM"]
[WhiteElo "2238"]
[BlackElo "2028"]
[WhiteFideId "4168356"]
[BlackFideId "22006230"]
[EventDate "2025.07.01"]

1. e4 c5 2. Nf3 g6 3. d4 Bg7 4. d5 d6 5. Nc3 Nf6 6. h3 O-O 7. Bc4 a6 8. a4 b6 9.
O-O Nfd7 10. Bf4 a5 11. Re1 Ba6 12. Bxa6 Nxa6 13. e5 dxe5 14. Nxe5 Nxe5 15. Bxe5
Nb4 16. Qd2 Bxe5 17. Rxe5 e6 18. Qh6 Qf6 19. Rae1 Nxc2 20. R1e4 Nd4 21. dxe6
fxe6 22. f3 Rad8 23. Rg5 Qg7 24. Qh4 Rf5 25. Rxf5 gxf5 26. Qxd8+ Kf7 27. Qd7+
Kf6 28. Qxg7+ Kxg7 29. Re1 Kf6 30. Nb5 Nc2 31. Re2 Nb4 32. f4 Nd3 33. g3 h5 34.
Nc7 e5 35. fxe5+ Nxe5 36. Nd5+ Ke6 37. Nxb6 Kd6 38. Kg2 Nc6 39. Nc4+ Kd5 40. b3
Kd4 41. Re6 Nb4 42. Nxa5 f4 43. Nc6+ Nxc6 44. Rxc6 fxg3 45. Kxg3 Kc3 46. Rxc5+
Kxb3 47. a5 Ka4 48. Rxh5 Kb4 49. Rf5 Kc4 50. Kg4 Kd4 51. h4 1-0

[Event "Titled Tue 1st Jul Late"]
[Site "chess.com INT"]
[Date "2025.07.01"]
[Round "6"]
[White "Schracke, Guido"]
[Black "Yeager, Daniel"]
[Result "1-0"]
[WhiteTitle "CM"]
[BlackTitle "FM"]
[WhiteElo "2138"]
[BlackElo "2280"]
[WhiteFideId "4637054"]
[BlackFideId "2029049"]
[EventDate "2025.07.01"]

1. e4 c5 2. c3 d5 3. exd5 Qxd5 4. Nf3 e6 5. Be2 Nf6 6. O-O Nc6 7. Na3 Be7 8. d4
O-O 9. Nb5 Qd8 10. dxc5 Bxc5 11. Qa4 a6 12. Rd1 Qb6 13. Nbd4 e5 14. b4 Bxd4 15.
cxd4 Nxd4 16. Nxd4 exd4 17. Bb2 Rd8 18. b5 Bd7 19. Bxd4 Qe6 20. Bc4 axb5 21.
Qxa8 Rxa8 22. Bxe6 Bxe6 23. Bxf6 gxf6 24. a3 Ra4 25. f3 Kg7 26. Kf2 Rc4 27. Rd2
Rc3 28. Rb2 Bc4 29. a4 bxa4 30. Rxa4 b5 31. Rab4 h5 32. h4 Kg6 33. Rd2 Kf5 34.
Rd4 Rc2+ 35. Kg3 Bf1 36. Rd5+ Kg6 37. Kf4 Rxg2 38. Rd8 Kg7 39. Rb8 Rc2 40. Rd4
Rc4 41. Rxc4 bxc4 42. Rc8 Bd3 43. Rc5 Kg6 44. Ke3 f5 45. Kd4 Be2 46. f4 Kf6 47.
Rc6+ Ke7 48. Ke5 Kd7 49. Rc5 Bd3 50. Kd5 Be2 51. Kd4 Bf1 52. Ra5 Ke6 53. Ra6+
Ke7 54. Rh6 Be2 55. Rc6 Kd7 56. Rf6 Ke7 57. Rxf5 Ke6 58. Re5+ Kf6 59. Rxe2 1-0

[Event "Titled Tue 1st Jul Late"]
[Site "chess.com INT"]
[Date "2025.07.01"]
[Round "6"]
[White "Abdulkadir Mohamed Warsame"]
[Black "Shapiro, Daniel"]
[Result "1-0"]
[BlackTitle "FM"]
[WhiteElo "2001"]
[BlackElo "2284"]
[WhiteFideId "16100913"]
[BlackFideId "2001780"]
[EventDate "2025.07.01"]

1. c4 e6 2. Nc3 f5 3. Nf3 Nf6 4. g3 d5 5. d4 Nc6 6. cxd5 exd5 7. Bg2 Be7 8. O-O
O-O 9. Ne5 Be6 10. Qa4 Nxe5 11. dxe5 Ng4 12. Qb3 c6 13. Qxb7 Qd7 14. Qxd7 Bxd7
15. b3 Nxe5 16. Bb2 Bf6 17. Rab1 Rae8 18. Na4 Ng4 19. Nc5 Bc8 20. e3 g5 21. Bxf6
Nxf6 22. Rbc1 f4 23. gxf4 gxf4 24. Nd3 fxe3 25. fxe3 Ba6 26. Rxc6 Bxd3 27. Rfxf6
Be4 28. Bxe4 Rxe4 29. Rxf8+ Kxf8 30. Rc8+ Kg7 31. Rc7+ Kg6 32. Rxa7 Rxe3 33. Rd7
Rd3 34. b4 Rd2 35. a4 Kf5 36. a5 Ke4 37. a6 d4 38. a7 Kf3 39. Rf7+ Ke3 40. a8=Q 1-0

[Event "Titled Tue 1st Jul Late"]
[Site "chess.com INT"]
[Date "2025.07.01"]
[Round "6"]
[White "Piliposyan, Robert"]
[Black "Erdogmus, Yagiz Kaan"]
[Result "0-1"]
[WhiteTitle "IM"]
[BlackTitle "GM"]
[WhiteElo "2416"]
[BlackElo "2626"]
[WhiteFideId "13309978"]
[BlackFideId "44599790"]
[EventDate "2025.07.01"]

1. e4 Nc6 2. Nf3 d5 3. exd5 Qxd5 4. Nc3 Qd6 5. d4 Nf6 6. Nb5 Qd8 7. c4 a6 8. Nc3
Bg4 9. Be3 e6 10. Be2 Bb4 11. O-O O-O 12. Rc1 Qd7 13. d5 exd5 14. Nxd5 Nxd5 15.
cxd5 Bxf3 16. Bxf3 Ne5 17. Be2 Rfe8 18. Qb3 Bd6 19. h3 b5 20. Rfd1 Ng6 21. Qc2
Qe7 22. a4 bxa4 23. Qxa4 Qe5 24. g3 Qxb2 25. Rc2 Qf6 26. Bd4 Qg5 27. Bf1 Nh4 28.
Qb3 Nf5 29. Ba1 Nxg3 30. fxg3 Re3 31. Qc4 Rxg3+ 32. Bg2 Re8 33. Qf1 Rxh3 34. Bd4
Rh4 35. Rcd2 Bh2+ 36. Kh1 Bf4+ 37. Kg1 Bxd2 38. Rxd2 Qxd2 39. d6 Qxd4+ 0-1

[Event "Titled Tue 1st Jul Late"]
[Site "chess.com INT"]
[Date "2025.07.01"]
[Round "6"]
[White "Labussiere, Victor"]
[Black "Radionov, Timur"]
[Result "1-0"]
[WhiteTitle "FM"]
[BlackTitle "FM"]
[WhiteElo "2312"]
[BlackElo "2200"]
[WhiteFideId "2183129"]
[BlackFideId "34178772"]
[EventDate "2025.07.01"]

1. c4 e6 2. d4 d5 3. Nc3 c6 4. e4 dxe4 5. Nxe4 Bb4+ 6. Nc3 c5 7. a3 Bxc3+ 8.
bxc3 Nc6 9. Nf3 Qa5 10. Bd2 Nf6 11. Bd3 O-O 12. O-O h6 13. d5 Rd8 14. Qc2 exd5
15. cxd5 c4 16. Bxc4 Nxd5 17. h3 Be6 18. Bd3 Nf6 19. c4 Qh5 20. Be2 Bxh3 21.
gxh3 Qxh3 22. Bf4 Nd4 23. Nxd4 Rxd4 24. Bg3 Ne4 25. Bf3 Nxg3 26. fxg3 Qxg3+ 27.
Bg2 Rh4 28. Rf3 Qh2+ 29. Kf1 Rg4 30. Re1 Rd8 31. Qf2 f6 32. Rh3 Qd6 33. c5 Qc7
34. Rf3 b6 35. cxb6 axb6 36. Kg1 Kh8 37. Rfe3 Qd7 38. Kf1 Rc8 39. Qe2 Rd8 40.
Kg1 Qd5 41. Qf3 Qxf3 42. Rxf3 Rgd4 43. Ree3 Rd2 44. Kh2 Ra2 45. Kg3 Rdd2 46. Bh3
Rd1 47. Bf5 Rdd2 48. Re8# 1-0

[Event "Titled Tue 1st Jul Late"]
[Site "chess.com INT"]
[Date "2025.07.01"]
[Round "6"]
[White "Tekeyev, Zaur"]
[Black "Stankovic, Boris"]
[Result "1-0"]
[WhiteTitle "IM"]
[BlackTitle "FM"]
[WhiteElo "2407"]
[BlackElo "2298"]
[WhiteFideId "4199731"]
[BlackFideId "985317"]
[EventDate "2025.07.01"]

1. Nf3 Nf6 2. g3 g6 3. Bg2 Bg7 4. O-O O-O 5. d4 d6 6. Nc3 Nbd7 7. e4 e5 8. Re1
c6 9. a4 a5 10. h3 Qc7 11. Be3 Re8 12. Qd2 Nb6 13. b3 Bd7 14. Rad1 Rad8 15. Bg5
Bc8 16. d5 cxd5 17. exd5 Bd7 18. Nh2 Rc8 19. Re3 h6 20. Bxf6 Bxf6 21. Ne4 Bg7
22. c4 f5 23. Nc3 Qc5 24. Nf3 e4 25. Nd4 g5 26. Ncb5 Bxb5 27. Nxb5 Nd7 28. Qxa5
Re7 29. Qd2 Rce8 30. b4 Qb6 31. a5 Qa6 32. Nc7 Qxc4 33. Rc1 Qd4 34. Qxd4 Bxd4
35. Nxe8 Bxe3 36. Rc8 Bd4 37. Nxd6+ Kh7 38. Nxf5 Bxf2+ 39. Kxf2 Rf7 40. g4 Nf6
41. d6 h5 42. Kg3 hxg4 43. hxg4 1-0

[Event "Titled Tue 1st Jul Late"]
[Site "chess.com INT"]
[Date "2025.07.01"]
[Round "6"]
[White "Gasparyan, Erik R."]
[Black "Deac, Bogdan-Daniel"]
[Result "1/2-1/2"]
[WhiteTitle "IM"]
[BlackTitle "GM"]
[WhiteElo "2372"]
[BlackElo "2674"]
[WhiteFideId "13315730"]
[BlackFideId "1226380"]
[EventDate "2025.07.01"]

1. Nf3 d5 2. g3 Nf6 3. Bg2 e6 4. O-O Be7 5. d4 O-O 6. b3 b6 7. Bb2 Bb7 8. Nbd2
Nbd7 9. c4 c5 10. Rc1 Rc8 11. e3 Rc7 12. Qe2 Qa8 13. Rfd1 Rfc8 14. cxd5 Bxd5 15.
dxc5 Rxc5 16. Rxc5 Nxc5 17. Nc4 Rd8 18. Ne1 h6 19. Bxd5 Nxd5 20. Nd3 Ne4 21. Rc1
Bf6 22. Nce5 Bxe5 23. Nxe5 f6 24. Nf3 Rc8 25. Nd4 Rxc1+ 26. Bxc1 Qc8 27. Bb2 e5
28. Nb5 a6 29. Na3 b5 30. Qc2 Qxc2 31. Nxc2 Nec3 32. Bxc3 Nxc3 33. a3 Kf7 34.
Kf1 Ke6 35. f3 e4 36. f4 Nd5 37. Ke2 f5 38. Nd4+ Kf6 39. Kd2 g6 40. Nc6 Ke6 41.
Nb8 a5 42. Nc6 a4 43. Nd4+ Kd7 44. b4 Nc7 45. Kc3 Nd5+ 46. Kd2 Nc7 47. h3 h5 48.
Ne2 Nd5 49. Nd4 Nc7 50. Ne2 Nd5 51. Nd4 Nc7 1/2-1/2

[Event "Titled Tue 1st Jul Late"]
[Site "chess.com INT"]
[Date "2025.07.01"]
[Round "6"]
[White "Rosen, Eric"]
[Black "Nicot, Valentin"]
[Result "1/2-1/2"]
[WhiteTitle "IM"]
[BlackTitle "CM"]
[WhiteElo "2377"]
[BlackElo "2206"]
[WhiteFideId "2032562"]
[BlackFideId "651002477"]
[EventDate "2025.07.01"]

1. e3 Nf6 2. f4 d5 3. Nf3 c5 4. Bb5+ Bd7 5. a4 a6 6. Bxd7+ Qxd7 7. b3 Nc6 8. Bb2
e6 9. d3 Be7 10. Nbd2 O-O 11. Ne5 Nxe5 12. Bxe5 b5 13. O-O b4 14. Qe2 a5 15. g4
Qc6 16. Qg2 Nd7 17. Bb2 Bf6 18. Bxf6 Nxf6 19. g5 Nh5 20. Qf3 g6 21. Nc4 Qc7 22.
Ne5 f6 23. gxf6 Rxf6 24. Rf2 Qg7 25. Rg2 Raf8 26. Kh1 Rf5 27. Qh3 d4 28. Rag1
R8f6 29. Ng4 Rf8 30. Ne5 R8f6 31. Rg4 dxe3 32. Qxe3 Qb7+ 33. Qf3 Qxf3+ 34. Nxf3
Rxf4 35. Rxf4 Nxf4 36. Ng5 Ne2 37. Re1 Nd4 38. Ne4 Rf5 39. Ng3 Rd5 40. Kg2 Nxc2
41. Rxe6 Rxd3 42. Re7 Rxb3 43. Ne4 Nd4 44. Rd7 Rb2+ 45. Kh3 Rb3+ 46. Kg2 h5 47.
Nf6+ Kf8 48. Nh7+ Ke8 49. Nf6+ Kf8 50. Nh7+ Ke8 51. Nf6+ Kf8 1/2-1/2

[Event "Titled Tue 1st Jul Late"]
[Site "chess.com INT"]
[Date "2025.07.01"]
[Round "6"]
[White "Storey, Charles H"]
[Black "Shuvalov, Evgenij"]
[Result "0-1"]
[WhiteTitle "FM"]
[WhiteElo "2102"]
[BlackElo "1986"]
[WhiteFideId "406686"]
[BlackFideId "4187237"]
[EventDate "2025.07.01"]

1. e4 e6 2. d4 d5 3. Nc3 Bb4 4. e5 c5 5. a3 Bxc3+ 6. bxc3 Ne7 7. Nf3 h6 8. Bd3
b6 9. O-O Ba6 10. a4 Bxd3 11. cxd3 Nd7 12. a5 bxa5 13. Ba3 Qc7 14. dxc5 Nxc5 15.
d4 Nb7 16. Rb1 O-O 17. Qd3 Rfb8 18. Rb5 Nc8 19. Rfb1 Nb6 20. Bc1 Nc4 21. g4 a6
22. R5b3 a4 23. Rb4 a3 24. g5 h5 25. g6 a2 26. Ra1 a5 27. Ra4 Nd8 28. Ng5 f6 29.
Qf3 fxg5 30. Qxh5 Kf8 31. Qh8+ Ke7 32. Qxg7+ Nf7 33. Qxf7+ Kd8 34. Bxg5+ Kc8 35.
Qxe6+ Qd7 36. Rxc4+ dxc4 37. Qxc4+ Kb7 38. Qxa2 Qg4+ 39. Kf1 Qxg5 40. Qd5+ Kc7
41. Qd6+ Kc8 42. Qf8+ Kd7 43. Qf7+ Qe7 44. e6+ Kd6 45. Qf4+ Kc6 46. Qe4+ Kc7 47.
d5 Qd6 48. c4 Rf8 49. Rc1 Qf4 0-1

[Event "Titled Tue 1st Jul Late"]
[Site "chess.com INT"]
[Date "2025.07.01"]
[Round "6"]
[White "Shuvalova, Polina"]
[Black "Becking, Stephan"]
[Result "1/2-1/2"]
[WhiteTitle "IM"]
[BlackTitle "IM"]
[WhiteElo "2480"]
[BlackElo "2410"]
[WhiteFideId "24171760"]
[BlackFideId "4632478"]
[EventDate "2025.07.01"]

1. Nf3 d5 2. g3 c6 3. Bg2 Nf6 4. O-O Bg4 5. c4 e6 6. h3 Bxf3 7. Bxf3 Nbd7 8. b3
dxc4 9. bxc4 Ne5 10. Bg2 Nxc4 11. d4 Be7 12. Nc3 O-O 13. a4 Na5 14. Rb1 Nd5 15.
Bd2 Rb8 16. e3 Nc4 17. Ne4 Nxd2 18. Qxd2 a5 19. Rfc1 Bb4 20. Qd3 Qe7 21. h4 h6
22. h5 Rfd8 23. Qc2 Nf6 24. Bf3 Nxe4 25. Qxe4 Qf6 26. Kg2 Rd7 27. Qg4 Rbd8 28.
Rc4 Rd6 29. Rh1 e5 30. dxe5 Qxe5 31. Re4 Qb2 32. Rf4 Rf6 33. Be4 Qe5 34. Rxf6
Qxf6 35. Rd1 Rxd1 36. Qxd1 Qe7 37. Qg4 Qe6 38. Bf5 Qd5+ 39. Be4 Qe6 40. Qf3 Bd6
41. Bf5 Qd5 42. e4 Qd4 43. Qb3 b6 44. Bg6 Qf6 45. Bf5 Bc5 46. Qf3 g6 47. hxg6
fxg6 48. Qb3+ Kh7 49. Bxg6+ Kxg6 50. f4 Kg7 51. e5 Qf5 52. Qf3 Qc2+ 53. Kh3 Qf5+
54. Kg2 Qc2+ 55. Kh3 Qf5+ 56. Kg2 1/2-1/2

[Event "Titled Tue 1st Jul Late"]
[Site "chess.com INT"]
[Date "2025.07.01"]
[Round "6"]
[White "Steinberg, Nitzan"]
[Black "Sindarov, Javokhir"]
[Result "1-0"]
[WhiteTitle "GM"]
[BlackTitle "GM"]
[WhiteElo "2554"]
[BlackElo "2710"]
[WhiteFideId "2801795"]
[BlackFideId "14205483"]
[EventDate "2025.07.01"]

1. e4 c5 2. Nf3 e6 3. d4 cxd4 4. Nxd4 Nf6 5. Nc3 Nc6 6. a3 Be7 7. Be2 O-O 8. Be3
d5 9. exd5 exd5 10. O-O Re8 11. Re1 h6 12. h3 Bd6 13. Qd2 a6 14. Rad1 Qc7 15.
Bf3 Be6 16. Nde2 Rad8 17. Bf4 Ne5 18. Bxe5 Bxe5 19. Nd4 Bc8 20. Re2 Ne4 21. Nxe4
dxe4 22. Rxe4 Bf5 23. Ree1 Bg6 24. c3 Bf4 25. Re3 Bxe3 26. fxe3 Be4 27. Rf1 Qe5
28. Bxe4 Qxe4 29. Rf3 Rd7 30. Qf2 b5 31. Rg3 Re5 32. Kh2 a5 33. Qf6 g6 34. Qa6
a4 35. Qc8+ Kg7 36. Qxd7 Rd5 37. Qc7 h5 38. Rf3 Qe8 39. Qf4 Re5 40. e4 Rxe4 41.
Qf6+ Kg8 42. Qd6 h4 43. Qc6 Qe5+ 44. g3 Re1 45. Qc8+ Kg7 46. Qg4 1-0

[Event "Titled Tue 1st Jul Late"]
[Site "chess.com INT"]
[Date "2025.07.01"]
[Round "6"]
[White "Gabrielian, Artur"]
[Black "Bortnyk, Olexandr"]
[Result "0-1"]
[WhiteTitle "GM"]
[BlackTitle "GM"]
[WhiteElo "2419"]
[BlackElo "2601"]
[WhiteFideId "4131002"]
[BlackFideId "14120828"]
[EventDate "2025.07.01"]

1. Nf3 Nf6 2. g3 b6 3. Bg2 Bb7 4. O-O g6 5. d3 d5 6. c4 e6 7. cxd5 exd5 8. e4
dxe4 9. dxe4 Qxd1 10. Rxd1 Nxe4 11. Ng5 Nc5 12. Bxb7 Nxb7 13. Nc3 Bd6 14. Nd5
Nd7 15. b3 Be5 16. Ba3 c6 17. Re1 cxd5 18. f4 f6 19. Nf3 O-O-O 20. fxe5 Nxe5 21.
Nxe5 fxe5 22. Rxe5 Rd7 23. Rc1+ Kb8 24. Rd1 Rhd8 25. Be7 Re8 26. Bf6 Rxe5 27.
Bxe5+ Kc8 28. b4 Nd8 29. b5 Ne6 30. Rc1+ Kb7 31. Rc6 Nc5 32. Bd4 Ne4 33. a4 Rf7
34. Kg2 Rc7 35. Re6 Rc2+ 36. Kg1 Kc8 37. Re7 Rc7 38. Re8+ Kd7 39. Re5 Kd6 40.
Re8 Rc4 41. Be5+ Kd7 42. Ra8 Rxa4 43. Rh8 h5 44. Kg2 d4 45. Kf3 d3 46. Ke3 d2
47. Ke2 Ra2 48. Rh7+ Ke6 49. Bh8 Nf2 0-1

[Event "Titled Tue 1st Jul Late"]
[Site "chess.com INT"]
[Date "2025.07.01"]
[Round "6"]
[White "Dilmukhametov, Artur"]
[Black "Lowinger, Daniel"]
[Result "0-1"]
[WhiteTitle "FM"]
[WhiteElo "2276"]
[BlackElo "2086"]
[WhiteFideId "24179922"]
[BlackFideId "2005557"]
[EventDate "2025.07.01"]

1. Nf3 Nf6 2. g3 d5 3. Bg2 c5 4. O-O Nc6 5. d4 e6 6. dxc5 Bxc5 7. c4 d4 8. a3 a5
9. b3 e5 10. Bb2 h6 11. Nfd2 Bf5 12. Re1 O-O 13. Nf1 Qb6 14. Nbd2 e4 15. e3 Rad8
16. exd4 Nxd4 17. Ne3 Bg6 18. Kh1 Nxb3 19. Qxb3 Rxd2 20. Qxb6 Bxb6 21. Bxf6 gxf6
22. Nd5 Bxf2 23. Rf1 f5 24. Nf4 Rc8 25. Rac1 b6 26. Nd5 Kf8 27. Nf4 Rc5 28. Nh3
Bd4 29. Nf4 e3 30. Nd5 e2 31. Rfe1 Bf2 32. Nf4 Bxe1 33. Rxe1 Rd1 34. Nxe2 Rxe1+
35. Ng1 Rxc4 36. h3 Rc2 37. Kh2 Ra1 38. Nf3 Raa2 39. Nh4 Rxa3 40. g4 f4 41. Kg1
Ra1+ 42. Kh2 Raa2 43. Kg1 a4 44. Kf1 Rf2+ 45. Kg1 Rxg2+ 46. Nxg2 Rb2 47. Nxf4 a3
48. Nd3 Rd2 49. Nb2 axb2 0-1

[Event "Titled Tue 1st Jul Late"]
[Site "chess.com INT"]
[Date "2025.07.01"]
[Round "6"]
[White "Ribeiro, Gustavo"]
[Black "Ibrahimli, Murad"]
[Result "0-1"]
[WhiteTitle "FM"]
[BlackTitle "IM"]
[WhiteElo "2314"]
[BlackElo "2448"]
[WhiteFideId "1941852"]
[BlackFideId "13410229"]
[EventDate "2025.07.01"]

1. e4 c6 2. d4 d5 3. Nc3 a6 4. Nf3 Bg4 5. h3 Bh5 6. Bd3 e6 7. O-O Bd6 8. e5 Bc7
9. Re1 Ne7 10. Re3 c5 11. g4 cxd4 12. Nxd4 Bg6 13. Nce2 Nbc6 14. f4 Bxd3 15.
Qxd3 h5 16. Kg2 hxg4 17. hxg4 Ng6 18. Bd2 Nxd4 19. Qxd4 Qh4 20. Rg3 Qh2+ 21. Kf3
Rh3 22. Rg1 Nh4+ 23. Ke3 Ng2+ 24. Rxg2 Qxg2 25. Be1 Rxg3+ 26. Bxg3 Rc8 27. Qa4+
b5 28. Qxa6 d4+ 29. Kd2 Rb8 30. Qa7 Qb7 31. Qxb7 Rxb7 32. Nxd4 Kd7 33. Kd3 Bd8
34. Nb3 Be7 35. a3 Rb8 36. c3 Rh8 37. Be1 Rh3+ 38. Ke4 Rh2 39. Bd2 g6 40. g5 Kc6
41. Kd3 Kd5 42. Nd4 Rh3+ 43. Kc2 Kc5 44. Nb3+ Kb6 45. Nc1 Bc5 46. b4 Be3 47.
Bxe3+ Rxe3 48. Nd3 Rf3 49. Kd2 Kc6 50. Ke2 Rh3 51. a4 bxa4 52. c4 a3 53. b5+ Kb6
54. Nb4 a2 55. Nxa2 Rh2+ 0-1

[Event "Titled Tue 1st Jul Late"]
[Site "chess.com INT"]
[Date "2025.07.01"]
[Round "6"]
[White "Mesquita, Eduardo Barbosa"]
[Black "Perez Cruz, Adianet"]
[Result "1-0"]
[BlackTitle "WFM"]
[WhiteElo "2014"]
[BlackElo "1984"]
[WhiteFideId "22757163"]
[BlackFideId "3510115"]
[EventDate "2025.07.01"]

1. e4 c6 2. d4 d5 3. Nc3 dxe4 4. f3 e5 5. dxe5 Qxd1+ 6. Nxd1 Bf5 7. fxe4 Bxe4 8.
c4 Nd7 9. Nf2 Bb4+ 10. Bd2 Bxd2+ 11. Kxd2 Bg6 12. Nf3 O-O-O 13. Ke3 Ne7 14. g4
h5 15. h3 Nc5 16. Be2 Ne6 17. Rad1 hxg4 18. Rxd8+ Nxd8 19. hxg4 Rxh1 20. Nxh1
Ne6 21. Ng3 Kc7 22. Ne4 a6 23. Nd6 Nc8 24. c5 Nxc5 25. Ne8+ Kd8 26. Nxg7 Ne7 27.
b4 Ne4 28. Bc4 Nd5+ 29. Bxd5 cxd5 30. Kd4 Nf2 31. Nh2 Ke7 32. Kxd5 Be4+ 33. Kd4
Bb1 34. a3 Nh3 35. Nf5+ Ke6 36. Nf3 Bxf5 37. gxf5+ Kxf5 38. Kd5 Nf4+ 39. Kd6 Ne6
40. Ke7 b6 41. Kxf7 a5 42. Ke7 axb4 43. axb4 Nc7 44. Kd6 Na6 45. e6 Kf6 46. e7
Kf7 47. Ne5+ Ke8 48. Nd7 Nb8 49. Nf6+ Kf7 50. e8=Q+ Kxf6 51. Qxb8 1-0

[Event "Titled Tue 1st Jul Late"]
[Site "chess.com INT"]
[Date "2025.07.01"]
[Round "6"]
[White "Dzida, Kamil"]
[Black "Sheehan, Ethan"]
[Result "1-0"]
[WhiteTitle "IM"]
[WhiteElo "2411"]
[BlackElo "2364"]
[WhiteFideId "21828652"]
[BlackFideId "30943965"]
[EventDate "2025.07.01"]

1. b3 e5 2. Bb2 Nc6 3. e3 d5 4. Bb5 Bd6 5. f4 Qh4+ 6. g3 Qe7 7. Qe2 Nf6 8. Nf3
e4 9. Ne5 Bxe5 10. Bxe5 O-O 11. Bxc6 bxc6 12. O-O Bh3 13. Re1 Bg4 14. Qf1 Bf3
15. d3 Ng4 16. Nd2 Nxe5 17. fxe5 Qxe5 18. Nxf3 exf3 19. Qxf3 f5 20. c4 Rae8 21.
Rac1 d4 22. Qxc6 dxe3 23. Qd5+ Rf7 24. Qxe5 Rxe5 25. d4 Re4 26. Rc3 Rfe7 27. d5
g5 28. Kg2 f4 29. gxf4 gxf4 30. Kf3 Rd4 31. Re2 Rd2 32. Rc1 Rxe2 33. Kxe2 Kf7
34. Kf3 Kf6 35. Kxf4 Re5 36. Re1 e2 37. Kf3 Rf5+ 38. Kxe2 Rh5 39. Rf1+ Ke5 40.
Rf2 Kd4 41. Kd2 a5 42. Kc2 Rh4 43. Kb2 a4 44. Ka3 axb3 45. axb3 Kc3 46. Rf3+ Kd4
47. h3 Rh6 48. Rf7 Rxh3 49. Rxc7 Kc3 50. Ka4 Rh1 51. Kb5 Kxb3 52. c5 Rh5 53. Kc6
Kc4 54. d6 Rd5 55. d7 h5 56. Rc8 1-0

[Event "Titled Tue 1st Jul Late"]
[Site "chess.com INT"]
[Date "2025.07.01"]
[Round "6"]
[White "Tabatabaei, M. Amin"]
[Black "Moussard, Jules"]
[Result "1-0"]
[WhiteTitle "GM"]
[BlackTitle "GM"]
[WhiteElo "2655"]
[BlackElo "2597"]
[WhiteFideId "12521213"]
[BlackFideId "642908"]
[EventDate "2025.07.01"]

1. e4 c5 2. Nf3 e6 3. b3 a6 4. Bb2 Nc6 5. c4 Qc7 6. g3 Nf6 7. e5 Ng4 8. Bg2 Be7
9. Qe2 f6 10. exf6 Bxf6 11. Nc3 O-O 12. O-O Nge5 13. Nxe5 Qxe5 14. Qe3 b5 15.
Bxc6 dxc6 16. Qxe5 Bxe5 17. Na4 Bd6 18. Nb6 Rb8 19. Nxc8 Rfxc8 20. d3 Be7 21.
Rfe1 Kf7 22. Rad1 Rd8 23. Be5 Rb7 24. Kf1 a5 25. Re4 a4 26. bxa4 b4 27. a3 bxa3
28. Ra1 Rxd3 29. Re3 Rxe3 30. fxe3 Bf6 31. Bxf6 Kxf6 32. Rxa3 Ke5 33. a5 Ke4 34.
a6 Ra7 35. Ke2 g5 36. g4 h6 37. h3 e5 38. Ra1 h5 39. gxh5 Kf5 40. Kf3 e4+ 41.
Kg3 Ke5 42. Kg4 Kf6 43. Ra2 Kg7 44. Kxg5 Kh7 45. h6 Ra8 46. a7 Re8 47. Kf4 Rf8+
48. Kxe4 Re8+ 49. Kd3 Ra8 50. Ke4 Kxh6 51. Ke5 Kg5 52. Kd6 Kf5 53. Kxc6 Ke4 54.
Kb7 1-0

[Event "Titled Tue 1st Jul Late"]
[Site "chess.com INT"]
[Date "2025.07.01"]
[Round "6"]
[White "Ivashentseva, Dominika"]
[Black "Foldes, Marton Gabor"]
[Result "0-1"]
[WhiteTitle "WCM"]
[BlackTitle "FM"]
[WhiteElo "1969"]
[BlackElo "2295"]
[WhiteFideId "34331050"]
[BlackFideId "794708"]
[EventDate "2025.07.01"]

1. d4 Nf6 2. c4 c5 3. d5 b5 4. cxb5 a6 5. bxa6 e6 6. Nc3 exd5 7. Nxd5 Nxd5 8.
Qxd5 Rxa6 9. e3 Rd6 10. Qe4+ Be7 11. Ne2 Nc6 12. Nc3 Re6 13. Qg4 d5 14. Be2 d4
15. Ne4 O-O 16. Qf3 Ne5 17. Qg3 f5 18. Nd2 dxe3 19. fxe3 Bh4 20. Bc4 Nxc4 21.
Nxc4 Ba6 22. b3 Bxg3+ 23. hxg3 Bxc4 24. bxc4 Qd3 25. Kf2 Qc2+ 26. Kf3 Qxc4 27.
Re1 Qc3 28. Bb2 Qxb2 29. Rab1 Qxa2 30. Rb5 c4 31. Rc5 Rff6 32. Rc1 Rc6 33. Re5
c3 34. Re8+ Kf7 35. Rb8 Qb2 36. Rxb2 cxb2 37. Rb1 Rc2 38. g4 Rb6 39. gxf5 Rc1
40. Rxc1 bxc1=N 41. g4 Nb3 42. Kf4 Rb4+ 43. e4 Nd2 44. g5 Nxe4 45. g6+ hxg6 46.
fxg6+ Kxg6 47. Kg4 Nf6+ 48. Kf3 Rh4 49. Kg2 Rh8 50. Kf2 Ng8 51. Ke2 Kf5 52. Kd2
g5 53. Kc2 g4 54. Kb2 g3 55. Ka2 g2 56. Kb2 g1=B 57. Kc2 Bc5 58. Kd2 Bf8 59. Ke2
Ke6 60. Kd2 Kd7 61. Kc2 Ke8 62. Kb2 Rh3 63. Ka2 Bg7 64. Kb1 Rh2 65. Kc1 Bc3 66.
Kd1 Nf6 67. Kc1 Nd5 68. Kb1 Kd7 69. Kc1 Kc6 70. Kb1 Kb5 71. Kc1 Kc4 72. Kb1 Kb3
73. Kc1 Rh1# 0-1

[Event "Titled Tue 1st Jul Late"]
[Site "chess.com INT"]
[Date "2025.07.01"]
[Round "6"]
[White "Ragger, Markus"]
[Black "Popilski, Gil"]
[Result "1-0"]
[WhiteTitle "GM"]
[BlackTitle "GM"]
[WhiteElo "2566"]
[BlackElo "2431"]
[WhiteFideId "1610856"]
[BlackFideId "2809060"]
[EventDate "2025.07.01"]

1. d4 Nf6 2. c4 e6 3. Nf3 d5 4. g3 c5 5. Bg2 Nc6 6. cxd5 exd5 7. O-O h6 8. Nc3
Be6 9. a3 c4 10. Ne5 Qb6 11. e3 Rd8 12. f4 Be7 13. f5 Bc8 14. g4 Qc7 15. Nxc6
bxc6 16. h3 O-O 17. Qf3 Rfe8 18. Bd2 Nh7 19. Rae1 Bh4 20. Re2 Ng5 21. Qf4 Qxf4
22. exf4 Rxe2 23. Nxe2 Ne4 24. Bxe4 dxe4 25. Rc1 Ba6 26. Be3 c5 27. dxc5 Rd3 28.
Rc3 Bf6 29. Rxd3 cxd3 30. Nc3 Bxc3 31. bxc3 Bb5 32. Kf2 a5 33. Ke1 a4 34. Kd2
Bd7 35. Bd4 h5 36. Ke3 hxg4 37. hxg4 g6 38. fxg6 fxg6 39. g5 Kf7 40. c4 Bc6 41.
Bc3 Ke6 42. Bd2 Kf5 43. Kd4 Ke6 44. Ke3 Kf5 45. Bc1 Ke6 46. Kd4 Kf5 47. Be3 Kg4
48. Kc3 Kf3 49. Kd2 Kg4 50. Kc3 Kf5 51. Kb4 Kg4 52. Bc1 Be8 53. Kc3 Kf3 54. f5
gxf5 55. c6 Bxc6 56. g6 Be8 57. g7 Bf7 58. c5 e3 59. c6 d2 60. Bxd2 exd2 61.
Kxd2 f4 62. c7 1-0